000 00983nam2a22002291 4500
001 rc\974724
005 20250622104055.0
035 _a(NLR Aleph) 006245637
090 _a6706203
_c6706203
100 _a20041129d1982 |||y0rusy50 ca
101 0 _arus
102 _aRU
105 _aa |||||||||
200 0 _aЧ. 1
210 _d1982
_aБ. м.
215 _a183 с., 4 л. схем.
461 0 _1001rc\974723
_12001#$aО Балкарии и балкарцах$eАрхаич. обществ. орг. в тр. дорев. авт. и сов. ист. науке$vЧ. 1
_1700#1$aМусукаев$bА.И.$gАлександр Ибрагимович
_96706196
_aМусукаев, А.И.
_cНальчик
_d1982-
_nЭльбрус
_oАрхаич. обществ. орг. в тр. дорев. авт. и сов. ист. науке
_tО Балкарии и балкарцах
_vЧ. 1
801 0 _aRU
_bNLR
_gpsbo
801 1 _aRU
_bELAR
_2rusmarc
852 _aNLR
_j83-3/3888
942 _cBOOK
980 _aNB